| 000 | 00729nam a2200205 i 4500 | ||
|---|---|---|---|
| 001 | 39587 | ||
| 003 | ES-MaACL | ||
| 005 | 20250717032230.0 | ||
| 007 | t| | ||
| 008 | 030303m19451948sp ||||1| spa d | ||
| 100 | 1 |
_aCanosa del Pozo, Manuel. _934590 |
|
| 245 | 1 | 0 |
_aAnuario del usuario de los servicios de correos y telégrafos / _cpor los jefes del Cuerpo Técnico de Correos Manuel Canosa del Pozo y Luis Escolano Sicilia. |
| 260 |
_a[Bilbao : _bs.n., _c1945-1948] ( _fImp. Edit. Moderna) |
||
| 300 |
_a2 v. : _bil. ; _c22 cm. |
||
| 650 | 4 |
_aCorreos- _zEspaña. _9135826 |
|
| 650 | 7 |
_aTelégrafos- _zEspaña _2 _9136918 |
|
| 700 | 1 |
_aEscolano Sicilia, Luis. _947598 |
|
| 852 |
_aES-MaACL _jE-9944-45 |
||
| 999 |
_c39587 _d39587 |
||